Fanaroff and Martin's neonatal-perinatal medicine : (Record no. 120429)

MARC details
000 -LEADER
fixed length control field 01115nam a2200325 a 4500
008 - FIXED-LENGTH DATA ELEMENTS--GENERAL INFORMATION
fixed length control field
020 ## - INTERNATIONAL STANDARD BOOK NUMBER
International Standard Book Number 9781455756179 (hardback)
040 ## - CATALOGING SOURCE
Original cataloging agency NUST
Transcribing agency NUST
049 ## - LOCAL HOLDINGS (OCLC)
Holding library MAIN
090 ## - LOCALLY ASSIGNED LC-TYPE CALL NUMBER (OCLC); LOCAL CALL NUMBER (RLIN)
Classification number (OCLC) (R) ; Classification number, CALL (RLIN) (NR) RJ254
Local cutter number (OCLC) ; Book number/undivided call number, CALL (RLIN) FAN
003 - CONTROL NUMBER IDENTIFIER
control field
005 - DATE AND TIME OF LATEST TRANSACTION
control field 20230120204301.0
245 #0 - TITLE STATEMENT
Title Fanaroff and Martin's neonatal-perinatal medicine :
Remainder of title diseases of the fetus and infant/
Statement of responsibility, etc. [edited by] Richard J Martin ; Avroy A Fanaroff and Michele C Walsh.
250 ## - EDITION STATEMENT
Edition statement Tenth edition.
300 ## - PHYSICAL DESCRIPTION
Extent xxiv, 998 pages :
Other physical details illustrations (some colour) ;
Dimensions 29 cm.
336 ## - CONTENT TYPE
Content type term text
Content type code txt
Source rdacontent
337 ## - MEDIA TYPE
Media type term unmediated
Media type code n
Source rdamedia
338 ## - CARRIER TYPE
Carrier type term volume
Carrier type code nc
Source rdacarrier
500 ## - GENERAL NOTE
General note Includes index.
504 ## - BIBLIOGRAPHY, ETC. NOTE
Bibliography, etc. note Includes bibliographical references.
650 ## - SUBJECT ADDED ENTRY--TOPICAL TERM
Topical term or geographic name entry element Newborn infants
General subdivision Diseases.
650 ## - SUBJECT ADDED ENTRY--TOPICAL TERM
Topical term or geographic name entry element Fetus
General subdivision Diseases.
650 ## - SUBJECT ADDED ENTRY--TOPICAL TERM
Topical term or geographic name entry element Perinatal care.
650 ## - SUBJECT ADDED ENTRY--TOPICAL TERM
Topical term or geographic name entry element Pregnancy complications.
700 ## - ADDED ENTRY--PERSONAL NAME
Personal name Martin, Richard J.,
-- editor.
700 ## - ADDED ENTRY--PERSONAL NAME
Personal name Fanaroff, Avroy A.,
-- editor.
700 ## - ADDED ENTRY--PERSONAL NAME
Personal name Walsh, Michele C.,
-- editor.
907 ## - LOCAL DATA ELEMENT G, LDG (RLIN)
a .b1040269x
b 08-06-21
c 24-05-21
942 ## - ADDED ENTRY ELEMENTS (KOHA)
Koha item type Ordinary Loan Books
Call number prefix RJ254
Call number suffix FAN
Holdings
Date last seen Total Checkouts Full call number Barcode Cost, replacement price Price effective from Koha item type Lost status Source of classification or shelving scheme Damaged status Not for loan Collection Withdrawn status Home library Current library Shelving location Date acquired Cost, normal purchase price
01/20/2023   RJ254 FAN 92004047794 80.00 01/20/2023 BOOKS   LCC     NFIC   MEDICAL MEDICAL GEN 01/20/2023 80.00